Car models starting with M by pictures - Statistics

General Stats
  • This quiz has been taken 53 times
  • The average score is 6 of 10
Answer Stats
Picture Hint Answer % Correct
Ford Mustang
95%
BMW M3
89%
Mazda MX-5 / Miata
89%
Fiat Multipla
75%
Nissan Micra
64%
Opel Mokka
50%
Maserati MC20
45%
Daewoo Matiz
41%
Ford Maverick
39%
Chevrolet Malibu
32%
No matching quizzes found
Score Distribution
Percent of People with Each Score
Percentile by Number Answered
Your Score History
You have not taken this quiz